| 000 | 00659nab a2200229 a 4500 | ||
|---|---|---|---|
| 001 | 21563 | ||
| 003 | 63038 | ||
| 005 | 20201118100100.0 | ||
| 008 | ||||||n9999 ||| || || | ||
| 041 | _aspa | ||
| 100 | _aMarti, Gerardo Marcelo | ||
| 245 | 0 |
_aArgentina: la crisis de 1980. Endeudamiento externo y crack financiero : _bpp.933-965 |
|
| 260 |
_aMéxico : _bFondo de Cultura Económica, _c1990. |
||
| 300 | _app. 933-965 | ||
| 562 | _e0 | ||
| 650 | _aANÁLISIS DE CASOS | ||
| 650 | _aCRISIS ECONÓMICA | ||
| 650 | _aDEUDA EXTERNA | ||
| 650 | _aSECTOR FINANCIERO | ||
| 773 |
_021558 _aEl Trimestre Económico - Vol.57 No.228 |
||
| 942 | _cSART | ||
| 999 |
_c21563 _d21563 |
||